Engineering Mechanics Dynamics (Record no. 298770)

000 -LEADER
fixed length control field 00342 a2200157 4500
001 - CONTROL NUMBER
control field 63697
082 ## - DEWEY DECIMAL CLASSIFICATION NUMBER
Classification number 620.1054PYT
090 ## - LOCALLY ASSIGNED LC-TYPE CALL NUMBER (OCLC); LOCAL CALL NUMBER (RLIN)
-- 37687
-- 37687
100 ## - MAIN ENTRY--PERSONAL NAME
Personal name Pytel,A.
245 ## - TITLE STATEMENT
Title Engineering Mechanics Dynamics
250 ## - EDITION STATEMENT
Edition statement 2
260 ## - PUBLICATION, DISTRIBUTION, ETC.
Name of publisher, distributor, etc. Thmson Learning
Date of publication, distribution, etc. 2001
300 ## - PHYSICAL DESCRIPTION
Extent xi,622p.
500 ## - GENERAL NOTE
General note Dynamics
520 ## - SUMMARY, ETC.
Summary, etc. Dynamics
942 ## - ADDED ENTRY ELEMENTS (KOHA)
Institution code [OBSOLETE] NUST-CAE
Call number prefix 620.1054PYT
Holdings
Withdrawn status Lost status Damaged status Not for loan Collection code Permanent Location Current Location Date acquired Total Checkouts Full call number Barcode Date last seen Price effective from Koha item type
          College of Aeronautical Engineering (CAE) College of Aeronautical Engineering (CAE) 04/03/2017   620.1054PYT CAEN-3123 04/05/2017 04/05/2017 Book
© 2023 Central Library, National University of Sciences and Technology. All Rights Reserved.